000 00214nam a22000857a 4500
008 170616b xxu||||| |||| 00| 0 eng d
100 _93442
_aLiang. J. D
245 _aJava Programming
260 _aNew Delhi
_bPearson
_c2009
999 _c6817
_d6817